000 01723 a2200241 4500
001 4476
005 20260407155435.0
008 260407a1993 arg spa d
003 AR-UNSa-BCEJYS
040 _aAR-UNSa-BCEJYS
_bspa
_cAR-UNSa-BCEJYS
080 _a657
_xContabilidad
245 1 0 _aTratado de contabilidad intermedia y superior
250 _a4a. ed.
264 1 _aBuenos Aires :
_bEdiciones Macchi
_c1993
300 _axxviii, 851 p.
_c22 cm.
505 _a1. Introducción - 2. Medición. Valuación - 3. Teoría contable básica - 4. Preparación y presentación de la información contable - 5. El tiempo en la vida de las empresas. Momentos y períodos - 6. Estructura patrimonial de la empresa - 7. Caja y bancos - 8. Inversiones temporarias - 9. Cuentas por cobrar - 10. Bienes de cambio - 11. Inversiones permanentes - 12. Inversiones permanentes en acciones-combinaciones de negocios - 13. Bienes de uso o propiedad, planta y equipo - 14. Activos intangibles - 15. Compromisos ciertos. Cuentas por pagar. Deudas - 16. Pasivo contingente - 17. Otros Pasivos - 18. Operaciones en moneda extranjera - 19. Capital propio. Patrimonio neto. Aportes de los propietarios - 20. Los resultados del ejercicio económico - 21. Soluciones parciales - 22. Soluciones integrales. Ajuste por inflación - 23. Cambios en la posición financiera de la empresa - 24. Conversión de estados contables a moneda extranjera
942 _cBK
590 _aniveau_biblio:m niveau_hierar:0
100 1 _aBiondi, Mario
700 1 _aBiondi, Mario (h)
700 1 _aColamussi, Rosa Teresa
856 4 1 _uhttps://t1.gstatic.com/images?q=tbn:ANd9GcRUMBvH_ReZyFzp-Uks4Cvp9TpFynzS-VTWyPgZNoHPjLY9B0FsSw
_yImagen de portada
_qimage/jpeg
999 _c430
_d430